00364nam a2200121Ia 4500008004100000245005500041260003500096260000900131300000800140500001500148650001300163856006600176170516s9999 xx 000 0 und d aBioplastics for use in medical industry Editor Ajp bAsian Journal of Pharmaceutics c2014 a8:2 aApril-June xPharmacy uhttp://www.asiapharmaceutics.info/index.php/ajp/issue/view/48